Ünnepelt a Szent Imre Egyházi Óvoda Párkány

Bibliographic Details
Main Author: Vízi, Katalin (Author)
Format: Article
Language:Hungarian
PhysicalDescription:Fotogr.
ISSN:1335-6534
Subjects:

MARC

LEADER 00000nab a2200000 ar4500
001 vtls010193863
003 SK-MaSNL
005 20260319070737.0
008 101202c2010 xo |||||||| 000 b|hun
015 |a SNBRB2010/12  |2 snkbucl 
038 |a SNKBUCL 
040 |a DSZK  |b slo  |c DSZK  |e AACR2 
041 0 |a hun 
044 |a xo  |c SK 
080 |a 373.24:257  |x (=511.141)  |x (437.6)  |2 1997 
100 1 |a Vízi, Katalin  |4 aut  |9 841026 
245 1 0 |a Ünnepelt a Szent Imre Egyházi Óvoda  |b Párkány  |c Vízi Katalin 
300 |b Fotogr. 
610 2 7 |a Cirkevná materská škola sv. Imricha s výchovným jazykom maďarským (Štúrovo, Slovensko)  |2 snkbucl  |9 841025 
651 7 |a Štúrovo (Slovensko)  |2 SNKPHgeo  |9 27957 
773 0 |t Remény  |g Évf. XXI, sz. 49 (2010), o. 15  |x 1335-6534 
852 |a SNK  |b KIS3GCP 
852 |a DSZK  |b KIS3GCP 
958 |a HU 
958 |a SK 
958 |a NT 
999 |c 1785289  |d 1787219